Ekonomika rastie rýchlo, novej práce zatiaľ veľa neponúka

Priaznivé makroekonomické ukazovatele Slovenska narúša jediný, ale významný fenomén, pokračovanie poklesu počtu zamestnaných. Počet ľudí bez práce vzrástol medziročne takmer o desatinu. Zvýšenie domáceho dopytu, nárast spotreby domácností, zvýšenie investícií v r. 2004. Veľký pokles vo výrobe potrav...

Descrizione completa

Salvato in:
Dettagli Bibliografici
Autore principale: Kláseková, Martina
Natura: Capitolo di libro
Lingua:slovacco
Soggetti:
Tags: Aggiungi Tag
Nessun Tag, puoi essere il primo ad aggiungerne!!

MARC

LEADER 00000naa$a2200000$$$4500
001 0018785
005 20231009075324.8
041 0 |a slo 
044 |a SK 
245 1 0 |a Ekonomika rastie rýchlo, novej práce zatiaľ veľa neponúka  |c Martina Kláseková 
520 |a Priaznivé makroekonomické ukazovatele Slovenska narúša jediný, ale významný fenomén, pokračovanie poklesu počtu zamestnaných. Počet ľudí bez práce vzrástol medziročne takmer o desatinu. Zvýšenie domáceho dopytu, nárast spotreby domácností, zvýšenie investícií v r. 2004. Veľký pokles vo výrobe potravín, nápojov a tabakových výrobkov - príčiny. Rast ekonomiky však neprispel k zvyšovaniu zamestnanosti. Prepúšťanie zamestnancov v niektorých odvetviach. 
610 2 0 |a rast hospodársky 
610 2 0 |a dopyt domáci 
610 2 0 |a spotreba obyvateľstva 
610 2 0 |a investície 
610 2 0 |a zamestnanosť 
610 2 0 |a výroba 
610 2 0 |a potraviny 
610 2 0 |a produkt domáci hrubý 
610 2 0 |a Slovensko 
610 2 0 |a 2004 
100 1 |a Kláseková, Martina